Black Country, New Road - Good Will Hunting lyrics - Statistics

General Stats
  • This quiz has been taken 66 times
  • The average score is 259 of 339
Answer Stats
Answer % Correct
a
100%
the
98%
You
98%
you
98%
I
93%
on
93%
to
91%
and
89%
for
89%
me
89%
be
87%
in
87%
find
84%
no
84%
so
84%
some
84%
your
84%
had
82%
it
82%
mind
82%
she
82%
trying
82%
Billie
80%
Eilish
80%
I'll
80%
little
80%
style
80%
that
80%
while
80%
Berlin
78%
but
78%
never
78%
of
78%
we
78%
call
76%
France
76%
hold
76%
I'm
76%
just
76%
my
76%
not
76%
something
76%
there
76%
with
76%
hard
73%
keep
73%
our
73%
piano
73%
play
73%
summer
73%
tell
73%
walk
73%
was
73%
cool
71%
darlin'
71%
darlin
71%
don't
71%
everyone
71%
fall
71%
movin'
71%
movin
71%
nothing
71%
say
71%
scared
71%
teach
71%
up
71%
way
71%
daughters
69%
genius
69%
if
69%
phone
69%
please
69%
she's
69%
tryna
69%
wants
69%
will
69%
balance
67%
change
67%
fine
67%
hands
67%
more
67%
much
67%
raised
67%
ring
67%
wanted
67%
edge
64%
message
64%
out
64%
slip
64%
someone
64%
later
62%
go
60%
it's
60%
weekend
60%
almost
58%
feet
58%
grab
58%
know
58%
photos
58%
we're
58%
childhood
56%
what's
56%
been
53%
friends
53%
mine
53%
now
53%
oh
53%
stars
53%
home
51%
milky
51%
texts
51%
burnin'
49%
film
49%
piece
49%
traverse
49%
wreckage
49%
escape
47%
fashion
47%
get
47%
pod
47%
room
47%
starship
47%
there's
47%
wait
47%
filled
44%
float
44%
longsword
44%
bring
42%
I'd
31%
darling
27%
aw
13%
No matching quizzes found
Score Distribution
Percent of People with Each Score
Percentile by Number Answered
Your Score History
You have not taken this quiz